Statistics for All Fire-type Pokemon

Click here to take the quiz!

General Stats

  • This quiz has been taken 18 times
  • The average score is 65 of 75

Answer Stats

HintAnswer% Correct
6Charizard
100%
4Charmander
100%
59Arcanine
92%
654Braixen
92%
5Charmeleon
92%
390Chimchar
92%
815Cinderace
92%
256Combusken
92%
155Cyndaquil
92%
555Darmanitan
92%
655Delphox
92%
500Emboar
92%
244Entei
92%
58Growlithe
92%
631Heatmor
92%
250Ho-Oh
92%
392Infernape
92%
667Litleo
92%
725Litten
92%
607Litwick
92%
240Magby
92%
126Magmar
92%
467Magmortar
92%
146Moltres
92%
391Monferno
92%
38Ninetales
92%
499Pignite
92%
77Ponyta
92%
156Quilava
92%
814Raboot
92%
78Rapidash
92%
813Scorbunny
92%
498Tepig
92%
255Torchic
92%
726Torracat
92%
157Typhlosion
92%
637Volcarona
92%
37Vulpix
92%
257Blaziken
83%
323Camerupt
83%
351Castform
83%
609Chandelure
83%
554Darumaka
83%
653Fennekin
83%
136Flareon
83%
662Fletchinder
83%
485Heatran
83%
229Houndoom
83%
228Houndour
83%
727Incineroar
83%
608Lampent
83%
636Larvesta
83%
219Magcargo
83%
322Numel
83%
741Oricorio
83%
513Pansear
83%
668Pyroar
83%
643Reshiram
83%
479Rotom
83%
514Simisear
83%
218Slugma
83%
663Talonflame
83%
494Victini
83%
721Volcanion
83%
838Carkol
75%
851Centiskorch
75%
839Coalossal
75%
383Groudon
75%
105Marowak
75%
757Salandit
75%
758Salazzle
75%
850Sizzlipede
75%
324Torkoal
75%
776Turtonator
75%
806Blacephalon
67%

Score Distribution

Percentile by Number Answered

Percent of People with Each Score

Your Score History

You have not taken this quiz